[Event "Palma de Mallorca op U2200"]
[Site "Palma de Mallorca"]
[Date "2013.01.19"]
[Round "9"]
[White "Caliz Morales, Felipe"]
[Black "Nadal Tur, Antonio"]
[Result "1-0"]
[WhiteElo "1838"]
[BlackElo "1706"]
[PlyCount "73"]
[EventDate "2013.01.12"]
[EventType "swiss"]
[EventRounds "9"]
[EventCountry "ESP"]
[SourceTitle "EXT 2014"]
[Source "ChessBase"]
[SourceDate "2013.11.20"]
[SourceVersion "1"]
[SourceVersionDate "2013.11.20"]
[SourceQuality "1"]

1. Nf3 Nf6 2. g3 d5 3. c4 c6 4. b3 dxc4 5. bxc4 g6 6. Bb2 Bg7 7. Bg2 Qb6 8. Qb3 Nbd7 9. 0-0 Nc5 10. Qc2 Bg4 11. Nc3 Bxf3 12. Bxf3 Ne6 13. e3 0-0 14. Rab1 Qc7 15. d4 Ng5 16. Bg2 h5 17. h4 Ngh7 18. Ne4 Ng4 19. Bc3 Nhf6 20. Nc5 b6 21. Nd3 Rac8 22. Qb3 Nxe3 23. fxe3 Qxg3 24. Be1 Qxe3+ 25. Bf2 Qe6 26. Rbe1 Qd6 27. c5 Qc7 28. Ne5 Qb8 29. Nxg6 Ng4 30. Bg3 Bxd4+ 31. Kh1 e5 32. Ne7+ Kg7 33. Nf5+ Kg8 34. Nxd4 Qb7 35. Nf5 Rcd8 36. cxb6 axb6 37. Qc3 1-0

[Event "Palma de Mallorca op U2200"]
[Site "Palma de Mallorca"]
[Date "2013.01.19"]
[Round "8"]
[White "Cerdo Fernandez, Miguel"]
[Black "Caliz Morales, Felipe"]
[Result "1-0"]
[WhiteElo "1946"]
[BlackElo "1838"]
[PlyCount "45"]
[EventDate "2013.01.12"]
[EventType "swiss"]
[EventRounds "9"]
[EventCountry "ESP"]
[SourceTitle "EXT 2014"]
[Source "ChessBase"]
[SourceDate "2013.11.20"]
[SourceVersion "1"]
[SourceVersionDate "2013.11.20"]
[SourceQuality "1"]

1. e4 c5 2. Nf3 d6 3. d4 cxd4 4. Nxd4 Nf6 5. Nc3 Nc6 6. f3 a6 7. Be3 g6 8. Qd2 Bg7 9. 0-0-0 Nxd4 10. Bxd4 Bd7 11. Nd5 0-0 12. Bb6 Qe8 13. Nc7 Qc8 14. Nxa8 Qxa8 15. Bc4 Qc8 16. Bb3 Qc6 17. Be3 b5 18. h4 Ra8 19. h5 a5 20. hxg6 hxg6 21. Bh6 Bh8 22. Qg5 Rc8 23. Qxg6+ 1-0

[Event "Palma de Mallorca op U2200"]
[Site "Palma de Mallorca"]
[Date "2013.01.15"]
[Round "4"]
[White "Caliz Morales, Felipe"]
[Black "Prill, Gerhard"]
[Result "1-0"]
[WhiteElo "1838"]
[BlackElo "2056"]
[PlyCount "91"]
[EventDate "2013.01.12"]
[EventType "swiss"]
[EventRounds "9"]
[EventCountry "ESP"]
[SourceTitle "EXT 2014"]
[Source "ChessBase"]
[SourceDate "2013.11.20"]
[SourceVersion "1"]
[SourceVersionDate "2013.11.20"]
[SourceQuality "1"]

1. Nf3 Nf6 2. g3 d5 3. c4 e6 4. b3 Be7 5. Bb2 0-0 6. Bg2 a5 7. cxd5 exd5 8. 0-0 h6 9. d3 c6 10. Nbd2 Bg4 11. h3 Bf5 12. Nd4 Bh7 13. e4 Nbd7 14. Re1 Nc5 15. Qc2 Qc7 16. Rac1 Rfe8 17. Nf5 Bxf5 18. exf5 Na6 19. g4 Nb4 20. Qb1 Rac8 21. a3 Na6 22. Nf3 c5 23. Qc2 b6 24. Qd2 Nh7 25. Ne5 Qd6 26. f4 Nb8 27. d4 Qd8 28. Kh1 cxd4 29. Qxd4 Bc5 30. Qxd5 Qxd5 31. Bxd5 Rf8 32. Red1 Nf6 33. Bc4 Ne4 34. Kg2 Nd6 35. Bd5 Rcd8 36. b4 axb4 37. axb4 Bxb4 38. Rc7 Bc5 39. Nxf7 Nxf7 40. Bxf7+ Kh8 41. Rxd8 Rxd8 42. Be5 Na6 43. Rb7 Nb4 44. Bc4 Bf8 45. Rxb6 Nc2 46. Rxh6# 1-0

[Event "Mallorca-chT Primera"]
[Site "Palma de Mallorca"]
[Date "2012.03.17"]
[Round "7.1"]
[White "Caliz Morales, Felipe"]
[Black "Oliver Grammatico, Rafael"]
[Result "1-0"]
[WhiteElo "1849"]
[BlackElo "1834"]
[PlyCount "63"]
[EventDate "2012.01.28"]
[EventType "team"]
[EventRounds "9"]
[EventCountry "ESP"]
[SourceTitle "EXT 2014"]
[Source "ChessBase"]
[SourceDate "2013.11.20"]
[SourceVersion "1"]
[SourceVersionDate "2013.11.20"]
[SourceQuality "1"]

1. e4 d5 2. exd5 Qxd5 3. Nc3 Qa5 4. Bc4 Nf6 5. d3 c6 6. Bd2 Qd8 7. h3 a5 8. Qf3 Nbd7 9. a4 Ne5 10. Qf4 Nxc4 11. Qxc4 e5 12. Nf3 Be6 13. Qh4 Be7 14. Nxe5 Ng4 15. Qg3 Bh4 16. Qf4 g5 17. Nxf7 Nxf2 18. Qxh4 gxh4 19. Nxd8 Nxh1 20. Nxe6 Kd7 21. Nc5+ Kc7 22. 0-0-0 Ng3 23. Bg5 Rhg8 24. N5e4 Raf8 25. b3 Rf5 26. Bxh4 Nxe4 27. Nxe4 Rxg2 28. Rh1 Rf3 29. Be1 Kb6 30. h4 h5 31. Nd2 Rf5 32. Nc4+ 1-0

[Event "Palma de Mallorca op 4th"]
[Site "Palma de Mallorca"]
[Date "2009.11.23"]
[Round "4"]
[White "Balasch Sagrera, Carles"]
[Black "Caliz Morales, Felipe"]
[Result "1-0"]
[WhiteElo "2062"]
[BlackElo "1849"]
[PlyCount "85"]
[EventDate "2009.11.21"]
[EventType "swiss"]
[EventRounds "9"]
[EventCountry "ESP"]
[SourceTitle "EXT 2011"]
[Source "ChessBase"]
[SourceDate "2010.11.26"]
[SourceVersion "1"]
[SourceVersionDate "2010.11.26"]
[SourceQuality "1"]

1. e4 g6 2. d4 Bg7 3. Nc3 d6 4. Be3 Nf6 5. f3 a6 6. a4 Nbd7 7. Bc4 c6 8. Bb3 Qc7 9. Nge2 c5 10. Qd2 h5 11. 0-0 cxd4 12. Bxd4 0-0 13. Kh1 Kh7 14. Nf4 e6 15. Rad1 b6 16. Be3 Ne8 17. Nh3 Nc5 18. Ng5+ Kg8 19. Bf4 Nxb3 20. cxb3 e5 21. Nd5 Qd8 22. Be3 Rb8 23. Rc1 f6 24. Nh3 Bd7 25. Nb4 a5 26. Nc6 Bxc6 27. Rxc6 Rf7 28. Qd5 Kf8 29. Rfc1 Rd7 30. Qc4 d5 31. exd5 Rxd5 32. Bxb6 Rd1+ 33. Rxd1 Qxd1+ 34. Ng1 Bh6 35. Bc5+ Kg7 36. Re6 Kh7 37. Rxe8 Rxe8 38. Qf7+ Kh8 39. Qxe8+ Kh7 40. Qf7+ Bg7 41. Bf8 Qxg1+ 42. Kxg1 Kh6 43. Bxg7+ 1-0